[Event "14. Abierto de la Constitucion"]
[Site "San Sebastian delos Reyes ESP"]
[Date "2012.12.04"]
[Round "4.12"]
[White "Martin Rodriguez, Jose Luis"]
[Black "De La Orden Alcocer, Alejandro"]
[Result "0-1"]
[WhiteElo "1443"]
[BlackElo "1895"]
[PlyCount "72"]
[EventDate "2012.12.01"]
[EventType "swiss"]
[EventRounds "9"]
[EventCountry "ESP"]
[Source "lmi"]
[SourceDate "2012.12.01"]

1. e4 Nf6 2. e5 Nd5 3. d4 d6 4. Nf3 dxe5 5. Nxe5 c6 6. c4 Nb6 7. Be2 Bf5 8. Nc3
N8d7 9. Nf3 e6 10. O-O Be7 11. Qb3 Qc7 12. Re1 O-O 13. Bf1 Rfe8 14. Ne4 Nf6 15.
Ng3 Bg6 16. Ne5 Rad8 17. Nxg6 hxg6 18. Be3 Ng4 19. Rad1 Nxe3 20. Qxe3 c5 21. d5
exd5 22. cxd5 Rxd5 23. Rxd5 Nxd5 24. Qf3 Rd8 25. Bc4 Nf6 26. h3 a6 27. Ne4 b5
28. Bd3 c4 29. Bc2 Nxe4 30. Bxe4 Bf6 31. b3 c3 32. Bc2 Qa5 33. a4 b4 34. Re2
Qd5 35. Qg4 Be5 36. Qxb4 Qd1+ 0-1

[Event "14. Abierto de la Constitucion"]
[Site "San Sebastian delos Reyes ESP"]
[Date "2012.12.04"]
[Round "4.13"]
[White "Alvarez Gonzalez, Eduardo"]
[Black "Gonzalez Mateos, Rafael"]
[Result "0-1"]
[WhiteElo "1783"]
[BlackElo "2128"]
[PlyCount "96"]
[EventDate "2012.12.01"]
[EventType "swiss"]
[EventRounds "9"]
[EventCountry "ESP"]
[Source "lmi"]
[SourceDate "2012.12.01"]

1. d4 Nf6 2. c4 e6 3. Nf3 b6 4. Nc3 Bb4 5. Bd2 O-O 6. g3 Ba6 7. b3 c6 8. Bg2 d5
9. cxd5 cxd5 10. O-O Nbd7 11. a3 Bd6 12. Bc1 Rc8 13. Bb2 Qe7 14. b4 Rc7 15. Rc1
b5 16. Nd2 Nb6 17. Nb3 Nc4 18. Qc2 Rb8 19. Nc5 Bc8 20. Rcd1 a5 21. Ra1 Ra7 22.
Rfb1 g6 23. e3 e5 24. Nxd5 Nxd5 25. Bxd5 exd4 26. Bxd4 axb4 27. Bxc4 bxc4 28.
Qxc4 Rxa3 29. Rxa3 bxa3 30. Rxb8 Bxb8 31. Qa4 h5 32. h4 g5 33. hxg5 h4 34. Bf6
Qd6 35. Qe8+ Qf8 36. Qxf8+ Kxf8 37. gxh4 Kg8 38. h5 Bg4 39. h6 Kh7 40. Kf1 Kg6
41. Nb3 Bd6 42. Ke1 Bb4+ 43. Kf1 Bf3 44. Na1 a2 45. Nc2 Bf8 46. Bd4 Be4 47. Nb4
Bxb4 48. h7 Kxh7 0-1

[Event "14. Abierto de la Constitucion"]
[Site "San Sebastian delos Reyes ESP"]
[Date "2012.12.04"]
[Round "4.14"]
[White "Garcia Prados, David"]
[Black "Gonzalez Mateo, Jose Luis"]
[Result "0-1"]
[WhiteElo "2025"]
[BlackElo "1796"]
[PlyCount "54"]
[EventDate "2012.12.01"]
[EventType "swiss"]
[EventRounds "9"]
[EventCountry "ESP"]
[Source "lmi"]
[SourceDate "2012.12.01"]

1. e4 c5 2. Nf3 g6 3. g3 Bg7 4. Bg2 Nf6 5. Qe2 d6 6. O-O Nc6 7. c3 Ng4 8. h3
Nge5 9. Nxe5 dxe5 10. d3 O-O 11. Be3 b6 12. Na3 Ba6 13. Rfd1 Qc7 14. f4 exf4
15. gxf4 Rad8 16. Bf1 f5 17. Qg2 Bh6 18. Qg3 e5 19. fxe5 f4 20. Qh4 Nxe5 21.
Qxh6 Nf3+ 22. Kf2 fxe3+ 23. Kxe3 Qg3 24. Ke2 Rxd3 25. Rxd3 Nd4+ 26. Kd2 Rf2+
27. Ke1 Re2+ 0-1

[Event "14. Abierto de la Constitucion"]
[Site "San Sebastian delos Reyes ESP"]
[Date "2012.12.04"]
[Round "4.15"]
[White "Lopez Ziegler, Carlos"]
[Black "Sebastian Enesco, Alex"]
[Result "1-0"]
[WhiteElo "1910"]
[BlackElo "1731"]
[PlyCount "95"]
[EventDate "2012.12.01"]
[EventType "swiss"]
[EventRounds "9"]
[EventCountry "ESP"]
[Source "lmi"]
[SourceDate "2012.12.01"]

1. e4 a6 2. d4 b5 3. Nf3 Bb7 4. Bd3 e6 5. Qe2 c5 6. c3 c4 7. Bc2 h6 8. Nbd2 d6
9. Nf1 Nd7 10. Ng3 a5 11. O-O Qc7 12. Be3 Be7 13. Nd2 g5 14. f4 gxf4 15. Bxf4
e5 16. Be3 Ngf6 17. Nf5 h5 18. Nxe7 Kxe7 19. Bg5 Rag8 20. Rf5 Rg6 21. Raf1 Rhg8
22. Qe3 Qb6 23. h4 exd4 24. cxd4 Ke8 25. Rxf6 Nxf6 26. Rxf6 Rxf6 27. Bxf6 Rg6
28. Bg5 Qc6 29. Bd1 b4 30. Bxh5 c3 31. bxc3 bxc3 32. Nb3 Rg7 33. Nxa5 Qxe4 34.
Nxb7 Qxe3+ 35. Bxe3 Rh7 36. Bd1 Rxh4 37. Nxd6+ Kf8 38. Nb5 Re4 39. Kf2 Re8 40.
Nxc3 Ra8 41. Ke2 Ke7 42. g4 Rh8 43. Kd3 Ra8 44. g5 Rg8 45. d5 Rg6 46. Ne4 Rg8
47. d6+ Kd7 48. Nf6+ 1-0

[Event "14. Abierto de la Constitucion"]
[Site "San Sebastian delos Reyes ESP"]
[Date "2012.12.04"]
[Round "4.16"]
[White "Infante Martin, Alonso"]
[Black "Montiel Miguelez, Manuel"]
[Result "0-1"]
[WhiteElo "1495"]
[BlackElo "1900"]
[PlyCount "94"]
[EventDate "2012.12.01"]
[EventType "swiss"]
[EventRounds "9"]
[EventCountry "ESP"]
[Source "lmi"]
[SourceDate "2012.12.01"]

1. d4 Nf6 2. c4 e6 3. Nc3 Bb4 4. Qc2 d5 5. a3 Bxc3+ 6. Qxc3 O-O 7. Bg5 Nbd7 8.
cxd5 exd5 9. Nf3 c6 10. e3 Qb6 11. Nd2 Re8 12. f3 h6 13. Bh4 g5 14. Bf2 c5 15.
Be2 cxd4 16. exd4 Nf8 17. Be3 Qe6 18. Kf2 Bd7 19. Rhc1 Re7 20. Nf1 Rae8 21. Re1
Qf5 22. Bd3 Ne4+ 23. Bxe4 dxe4 24. Ng3 Qf6 25. Nh5 Qg6 26. Ng3 exf3 27. gxf3
Rc8 28. Qb3 Be6 29. Qb4 Rc2+ 30. Re2 Rec7 31. Rd1 Bd5 32. Qa4 Rxe2+ 33. Kxe2
Qf6 34. Rf1 Bc4+ 35. Kf2 Bxf1 36. Nxf1 Qf5 37. Kg3 Qd3 38. d5 Qxf1 39. d6 Qe1+
40. Bf2 Qe5+ 41. Kg2 Qxd6 42. Bxa7 Qd2+ 43. Bf2 Rc2 44. Qa7 Rxb2 45. a4 Ne6 46.
Kg3 Qf4+ 47. Kg2 Nd4 0-1

[Event "14. Abierto de la Constitucion"]
[Site "San Sebastian delos Reyes ESP"]
[Date "2012.12.04"]
[Round "4.17"]
[White "Lozano Sanchez, Jose Antonio"]
[Black "Herranz Sanchez, Pablo"]
[Result "0-1"]
[WhiteElo "1893"]
[BlackElo "1706"]
[PlyCount "154"]
[EventDate "2012.12.01"]
[EventType "swiss"]
[EventRounds "9"]
[EventCountry "ESP"]
[Source "lmi"]
[SourceDate "2012.12.01"]

1. e4 c5 2. Nf3 e6 3. Bc4 Nc6 4. Nc3 a6 5. a4 d6 6. d3 Nf6 7. O-O Be7 8. Bf4
O-O 9. h3 Nh5 10. Bh2 Nf6 11. e5 dxe5 12. Nxe5 Bd6 13. Re1 Qc7 14. Ng4 Bxh2+
15. Nxh2 Rd8 16. Ng4 Qf4 17. Nxf6+ Qxf6 18. Qh5 b6 19. Re3 Nd4 20. Ne4 Qe7 21.
Rc1 Bb7 22. c3 Nf5 23. Re2 g6 24. Qg4 Bc6 25. Ng5 Bd5 26. Nf3 Rac8 27. Bxa6 Ra8
28. Bb5 Nd6 29. c4 Nxb5 30. cxd5 Nc7 31. dxe6 Nxe6 32. Ne5 Qf6 33. b3 Rd4 34.
Re4 Re8 35. Rce1 Rxe4 36. Qxe4 Ng5 37. Qd5 Qe7 38. Re3 Ne6 39. Kf1 Kg7 40. Ng4
h5 41. Ne5 Rd8 42. Qc4 Rd4 43. Qa6 Qc7 44. Nf3 Rb4 45. Nd2 Nd4 46. Re8 Nxb3 47.
Nxb3 Rxb3 48. Qc4 Rb1+ 49. Ke2 Qd6 50. Qc3+ Qf6 51. Qxf6+ Kxf6 52. Rb8 Rb4 53.
Kd2 Kf5 54. Kc3 f6 55. d4 Rxd4 56. Rxb6 Rxa4 57. Rb5 Kg5 58. Rxc5+ f5 59. Rd5
Ra2 60. Rd2 Rxd2 61. Kxd2 Kf4 62. Ke2 h4 63. Kd2 g5 64. Kd3 g4 65. Ke2 gxh3 66.
gxh3 Ke4 67. f3+ Kd4 68. Kd2 f4 69. Ke2 Kc3 70. Ke1 Kd3 71. Kf2 Kd2 72. Kf1 Ke3
73. Kg2 Ke2 74. Kg1 Kxf3 75. Kf1 Kg3 76. Kg1 f3 77. Kf1 f2 0-1

[Event "14. Abierto de la Constitucion"]
[Site "San Sebastian delos Reyes ESP"]
[Date "2012.12.04"]
[Round "4.18"]
[White "Largo Barbero, Benito"]
[Black "Garcia Lopez, Fernando"]
[Result "1-0"]
[WhiteElo "1871"]
[BlackElo "1657"]
[PlyCount "71"]
[EventDate "2012.12.01"]
[EventType "swiss"]
[EventRounds "9"]
[EventCountry "ESP"]
[Source "lmi"]
[SourceDate "2012.12.01"]

1. d4 Nf6 2. Nf3 e6 3. Bf4 d5 4. e3 c6 5. Bd3 a6 6. Nbd2 b5 7. c3 Bb7 8. Ne5
Nbd7 9. h4 Nxe5 10. Bxe5 c5 11. Qe2 c4 12. Bc2 b4 13. cxb4 Bxb4 14. O-O O-O 15.
Nf3 a5 16. Kh1 c3 17. bxc3 Bxc3 18. Bxf6 Qxf6 19. Qd3 Qh6 20. Qxc3 Ba6 21. Bd3
Rfc8 22. Qd2 Bxd3 23. Qxd3 g5 24. g3 Kh8 25. Nxg5 Qh5 26. Qd1 Qg6 27. Qf3 f5
28. Nh3 Rg8 29. Rfc1 Qf7 30. Ng5 Qg6 31. Rc6 Rae8 32. Ra6 h6 33. Nh3 Qf7 34.
Qf4 Kh7 35. Rc1 Qb7 36. Rc7+ 1-0

[Event "14. Abierto de la Constitucion"]
[Site "San Sebastian delos Reyes ESP"]
[Date "2012.12.04"]
[Round "4.19"]
[White "Garcia Martinez, Jorge"]
[Black "Rodriguez Orgaz, Cesar"]
[Result "1/2-1/2"]
[WhiteElo "1847"]
[BlackElo "1818"]
[PlyCount "103"]
[EventDate "2012.12.01"]
[EventType "swiss"]
[EventRounds "9"]
[EventCountry "ESP"]
[Source "lmi"]
[SourceDate "2012.12.01"]

1. e4 e5 2. Nf3 Nf6 3. Nc3 Bb4 4. Nxe5 Qe7 5. Nf3 Nxe4 6. Nxe4 Qxe4+ 7. Qe2
Qxe2+ 8. Bxe2 O-O 9. O-O d5 10. d4 Re8 11. Bd3 Nd7 12. Bf4 c6 13. c3 Be7 14.
Rfe1 Nf6 15. h3 Be6 16. Re2 h6 17. Rae1 Bf8 18. Kf1 Rad8 19. Bg3 Bd6 20. Bxd6
Rxd6 21. Nh4 g6 22. f4 Bd7 23. Rxe8+ Bxe8 24. g4 Bd7 25. Kf2 Re6 26. Rxe6 Bxe6
27. f5 gxf5 28. Nxf5 Bxf5 29. Bxf5 Kg7 30. Ke3 Ne8 31. Kf4 Kf6 32. h4 Nd6 33.
a4 Nxf5 34. gxf5 h5 35. a5 b6 36. axb6 axb6 37. b3 c5 38. dxc5 bxc5 39. b4 d4
40. b5 dxc3 41. Ke3 c2 42. Kd2 c1=Q+ 43. Kxc1 Ke7 44. Kc2 Kd6 45. Kc3 Kd5 46.
f6 c4 47. b6 Kc6 48. Kxc4 Kxb6 49. Kd5 Kc7 50. Ke5 Kd7 51. Kd5 Kc7 52. Kc5
1/2-1/2

[Event "14. Abierto de la Constitucion"]
[Site "San Sebastian delos Reyes ESP"]
[Date "2012.12.04"]
[Round "4.22"]
[White "Jimenez Perez, Federico"]
[Black "Dierssen Garcia-Barredo, Guillermo"]
[Result "0-1"]
[WhiteElo "1275"]
[BlackElo "1893"]
[PlyCount "42"]
[EventDate "2012.12.01"]
[EventType "swiss"]
[EventRounds "9"]
[EventCountry "ESP"]
[Source "lmi"]
[SourceDate "2012.12.01"]

1. e4 e5 2. Nf3 Nc6 3. Bc4 Nf6 4. Ng5 d5 5. exd5 Na5 6. Bb5+ c6 7. dxc6 bxc6 8.
Ba4 h6 9. Nf3 e4 10. Ne5 Qd4 11. Bxc6+ Nxc6 12. Nxc6 Qd5 13. Ne5 Qxe5 14. O-O
Bd6 15. g3 Bh3 16. d4 Qf5 17. Re1 O-O 18. Nc3 Bg4 19. Qd2 Bf3 20. Re3 Qh3 21.
Rxf3 exf3 0-1

[Event "14. Abierto de la Constitucion"]
[Site "San Sebastian delos Reyes ESP"]
[Date "2012.12.04"]
[Round "4.24"]
[White "Alfaya Martinez, Enrique"]
[Black "Benito Mellado, Humberto"]
[Result "1-0"]
[WhiteElo "1510"]
[BlackElo "1586"]
[PlyCount "49"]
[EventDate "2012.12.01"]
[EventType "swiss"]
[EventRounds "9"]
[EventCountry "ESP"]
[Source "lmi"]
[SourceDate "2012.12.01"]

1. e4 c5 2. Nf3 d6 3. d4 cxd4 4. Nxd4 Nf6 5. Nc3 a6 6. Bg5 e5 7. Nb3 Be7 8. Qd2
Be6 9. O-O-O Nbd7 10. h4 h6 11. Bxf6 Nxf6 12. f4 exf4 13. Qxf4 Ng4 14. Nc5 g5
15. Qf3 Ne5 16. Nxe6 fxe6 17. Qh3 g4 18. Qe3 Bxh4 19. Qd4 Be7 20. Be2 Qc7 21.
Bxg4 Kd7 22. Qxe5 Kc6 23. Qxe6 Bg5+ 24. Kb1 Be3 25. Nd5 1-0

[Event "14. Abierto de la Constitucion"]
[Site "San Sebastian delos Reyes ESP"]
[Date "2012.12.04"]
[Round "4.26"]
[White "Sanchez Ortega, Ruben"]
[Black "Garceran Izquierdo, Ruben"]
[Result "1/2-1/2"]
[WhiteElo "1798"]
[BlackElo "1669"]
[PlyCount "58"]
[EventDate "2012.12.01"]
[EventType "swiss"]
[EventRounds "9"]
[EventCountry "ESP"]
[Source "lmi"]
[SourceDate "2012.12.01"]

1. d4 Nf6 2. Bg5 h6 3. Bxf6 exf6 4. e4 d5 5. Nd2 Be7 6. Ngf3 O-O 7. exd5 Re8 8.
Be2 Qxd5 9. O-O c5 10. c4 Qc6 11. d5 Qc7 12. Re1 Bf5 13. Qb3 Nd7 14. Bd3 Bxd3
15. Qxd3 Bd6 16. g3 Ne5 17. Nxe5 Rxe5 18. Nf3 Re7 19. Rxe7 Qxe7 20. Re1 Qd7 21.
b3 a6 22. Nh4 Re8 23. Rxe8+ Qxe8 24. Nf5 Bf8 25. d6 Qd7 26. Qe4 g6 27. Ne7+ Kg7
28. Qd5 Bxe7 29. dxe7 Qxe7 1/2-1/2

[Event "14. Abierto de la Constitucion"]
[Site "San Sebastian delos Reyes ESP"]
[Date "2012.12.04"]
[Round "4.27"]
[White "Perez-Nuñez Castillo, Jose Antonio"]
[Black "Sanandres Rivas, Jose Antonio"]
[Result "1-0"]
[WhiteElo "1647"]
[BlackElo "1397"]
[PlyCount "64"]
[EventDate "2012.12.01"]
[EventType "swiss"]
[EventRounds "9"]
[EventCountry "ESP"]
[Source "lmi"]
[SourceDate "2012.12.01"]

1. d4 d5 2. Nf3 Nc6 3. c4 Nf6 4. Bg5 Ne4 5. Bh4 Be6 6. cxd5 Bxd5 7. e3 g6 8.
Nc3 Nxc3 9. bxc3 Bg7 10. c4 Be6 11. Rb1 b6 12. d5 Bf5 13. Bd3 Bxd3 14. Qxd3 Na5
15. O-O Qd7 16. Rbc1 Rb8 17. Rfe1 O-O 18. Bg3 Bb2 19. Rc2 Bf6 20. e4 Rfd8 21.
Qe3 Rbc8 22. Ne5 Qd6 23. Nxf7 Qc5 24. Qxc5 bxc5 25. Nxd8 Rxd8 26. Bxc7 Rd7 27.
Bxa5 Be5 28. Rb1 Rd6 29. Bc7 Rf6 30. Bxe5 Rf7 31. Rb8+ Rf8 32. Rxf8+ Kxf8 1-0

[Event "14. Abierto de la Constitucion"]
[Site "San Sebastian delos Reyes ESP"]
[Date "2012.12.05"]
[Round "5.1"]
[White "Almagro Llamas, Pablo"]
[Black "Valles Moreno, Ivan"]
[Result "0-1"]
[WhiteElo "2442"]
[BlackElo "2382"]
[PlyCount "86"]
[EventDate "2012.12.01"]
[EventType "swiss"]
[EventRounds "9"]
[EventCountry "ESP"]
[Source "lmi"]
[SourceDate "2012.12.01"]

1. e4 e5 2. Nf3 Nc6 3. Bb5 g6 4. Bxc6 dxc6 5. O-O Bg7 6. b3 Nh6 7. Bb2 O-O 8.
d3 f6 9. d4 exd4 10. Bxd4 Re8 11. Nbd2 b6 12. Re1 c5 13. Bc3 Ba6 14. Qc1 Re6
15. Nf1 Qe7 16. Ng3 Nf7 17. Qb2 Bb7 18. Nd2 Nd6 19. a4 a5 20. f3 h5 21. Ndf1 h4
22. Ne2 Bh6 23. Bd2 g5 24. Nc3 Re8 25. Qc1 Qf7 26. Ne3 h3 27. g4 Bg7 28. Qd1
R6e7 29. Qe2 f5 30. gxf5 g4 31. Nxg4 Nxf5 32. Rf1 Nd4 33. Qd3 Rf8 34. f4 Qh5
35. Qg3 Nf5 36. exf5 Bd4+ 37. Be3 Rg7 38. Bxd4 cxd4 39. Kf2 Rxg4 40. Rg1 Rxg3
41. Rxg3+ Kh8 42. Ne2 c5 43. Ng1 Bg2 0-1

[Event "14. Abierto de la Constitucion"]
[Site "San Sebastian delos Reyes ESP"]
[Date "2012.12.05"]
[Round "5.2"]
[White "Esquivias Gomez, Francisco J"]
[Black "Rubio Mejia, Luis Ignacio"]
[Result "0-1"]
[WhiteElo "1981"]
[BlackElo "2432"]
[PlyCount "54"]
[EventDate "2012.12.01"]
[EventType "swiss"]
[EventRounds "9"]
[EventCountry "ESP"]
[Source "lmi"]
[SourceDate "2012.12.01"]

1. e4 c5 2. Nf3 e6 3. d3 Nc6 4. g3 g6 5. Bg2 Bg7 6. O-O Nge7 7. c3 O-O 8. Qe2
e5 9. Be3 d6 10. Nfd2 Be6 11. c4 Nd4 12. Qd1 Qd7 13. Nc3 f5 14. exf5 gxf5 15.
f4 Rae8 16. Bxd4 cxd4 17. Nd5 Nxd5 18. cxd5 Bf7 19. Qb3 exf4 20. Rae1 fxg3 21.
hxg3 Rxe1 22. Rxe1 Be5 23. Nf1 Bg6 24. Bh3 Kh8 25. Kg2 Qe7 26. Qa3 f4 27. Be6
Qg5 0-1

[Event "14. Abierto de la Constitucion"]
[Site "San Sebastian delos Reyes ESP"]
[Date "2012.12.05"]
[Round "5.3"]
[White "Cerrato Torrijos, Maria"]
[Black "Marcos Herrero, Francisco"]
[Result "1-0"]
[WhiteElo "2124"]
[BlackElo "1923"]
[PlyCount "107"]
[EventDate "2012.12.01"]
[EventType "swiss"]
[EventRounds "9"]
[EventCountry "ESP"]
[Source "lmi"]
[SourceDate "2012.12.01"]

1. e4 c5 2. Nf3 d6 3. Nc3 g6 4. d4 cxd4 5. Nxd4 Nf6 6. Be3 Bg7 7. f3 Nc6 8. Qd2
Bd7 9. O-O-O Rc8 10. g4 Qa5 11. h4 h5 12. g5 Nh7 13. Nxc6 bxc6 14. Bd4 O-O 15.
Bxg7 Kxg7 16. Qd4+ Kg8 17. Bc4 Rfd8 18. Bb3 Nf8 19. f4 Bg4 20. Rdf1 e6 21. f5
c5 22. Qc4 Qb4 23. fxg6 Nxg6 24. Qxb4 cxb4 25. Nd1 Be2 26. Rf6 Kg7 27. Ne3 Bb5
28. Kd2 Rc5 29. a3 a5 30. axb4 axb4 31. Nf1 Bxf1 32. Rhxf1 Rd7 33. Rh1 Ra7 34.
Rf3 Ne5 35. Rf2 Rca5 36. Rff1 Ng6 37. Ke3 Rc5 38. Rd1 Ra6 39. Rd4 Rb6 40. Kf2
Ra5 41. Kg3 Nf4 42. Rd2 e5 43. Rhd1 Ra7 44. Rxd6 Rxd6 45. Rxd6 Ne2+ 46. Kf2 Nd4
47. Bc4 Nxc2 48. Be2 Ra2 49. Bxh5 Rxb2 50. Rd7 Nd4+ 51. Kg3 b3 52. Bxf7 Kf8 53.
g6 Re2 54. g7+ 1-0

[Event "14. Abierto de la Constitucion"]
[Site "San Sebastian delos Reyes ESP"]
[Date "2012.12.05"]
[Round "5.4"]
[White "Bustos Serrano, Doroteo"]
[Black "Gueler Berdasco, Martin"]
[Result "0-1"]
[WhiteElo "2098"]
[BlackElo "1921"]
[PlyCount "58"]
[EventDate "2012.12.01"]
[EventType "swiss"]
[EventRounds "9"]
[EventCountry "ESP"]
[Source "lmi"]
[SourceDate "2012.12.01"]

1. e4 c5 2. Na3 d5 3. exd5 Nf6 4. Bb5+ Nbd7 5. c4 a6 6. Ba4 b5 7. cxb5 Nxd5 8.
Ne2 N7b6 9. Bc2 e5 10. O-O Bd6 11. Re1 O-O 12. Nc3 Nf4 13. Ne4 Bb8 14. d3 axb5
15. Nxb5 f5 16. Bxf4 exf4 17. Nd2 Bb7 18. Bb3+ Kh8 19. Nf3 g5 20. Qc2 Nd5 21.
Qxc5 Ra5 22. Qd4+ Kg8 23. a4 h6 24. Rac1 g4 25. Ne5 Kh7 26. Nc6 Qh4 27. Qxd5
Bxc6 28. Rxc6 f3 29. Qd4 Qxh2+ 0-1

[Event "14. Abierto de la Constitucion"]
[Site "San Sebastian delos Reyes ESP"]
[Date "2012.12.05"]
[Round "5.5"]
[White "Lopez De Turiso, Jose Angel"]
[Black "Santamaria Farran, Pablo"]
[Result "1-0"]
[WhiteElo "2070"]
[BlackElo "1880"]
[PlyCount "57"]
[EventDate "2012.12.01"]
[EventType "swiss"]
[EventRounds "9"]
[EventCountry "ESP"]
[Source "lmi"]
[SourceDate "2012.12.01"]

1. e4 c5 2. Nc3 d6 3. g3 g6 4. Bg2 Bg7 5. d3 Nc6 6. Be3 e6 7. Nge2 Nge7 8. Qd2
Nd4 9. Nd1 Rb8 10. c3 Nxe2 11. Kxe2 Nc6 12. h3 O-O 13. Bh6 d5 14. Re1 b6 15.
Bxg7 Kxg7 16. exd5 exd5 17. Kf1 Ba6 18. Kg1 Qd6 19. Ne3 Ne5 20. d4 Nc4 21. Nxc4
Bxc4 22. b3 Ba6 23. dxc5 Qxc5 24. Bxd5 Rbd8 25. c4 b5 26. Qb2+ Kg8 27. Qf6 Qb6
28. Re6 Rd6 29. Rxd6 1-0

[Event "14. Abierto de la Constitucion"]
[Site "San Sebastian delos Reyes ESP"]
[Date "2012.12.05"]
[Round "5.6"]
[White "De La Orden Alcocer, Alejandro"]
[Black "Vukotic Jovsic, Dragan"]
[Result "1-0"]
[WhiteElo "1895"]
[BlackElo "2010"]
[PlyCount "41"]
[EventDate "2012.12.01"]
[EventType "swiss"]
[EventRounds "9"]
[EventCountry "ESP"]
[Source "lmi"]
[SourceDate "2012.12.01"]

1. c4 c5 2. g3 g6 3. Bg2 Bg7 4. Nf3 Nc6 5. Nc3 Nf6 6. O-O d5 7. cxd5 Nxd5 8.
Qb3 Nxc3 9. dxc3 O-O 10. Be3 Na5 11. Qb5 b6 12. Rad1 Qc7 13. Bf4 e5 14. Bxe5
Bxe5 15. Nxe5 a6 16. Qa4 b5 17. Qh4 Qxe5 18. Bxa8 Qxe2 19. Rd8 Bh3 20. Rxf8+
Kxf8 21. Qxh3 1-0

[Event "14. Abierto de la Constitucion"]
[Site "San Sebastian delos Reyes ESP"]
[Date "2012.12.05"]
[Round "5.7"]
[White "Alfaya Marcelo, Roberto"]
[Black "Garcia-Ruiz Fuentes, Angel M"]
[Result "0-1"]
[WhiteElo "1758"]
[BlackElo "1968"]
[PlyCount "74"]
[EventDate "2012.12.01"]
[EventType "swiss"]
[EventRounds "9"]
[EventCountry "ESP"]
[Source "lmi"]
[SourceDate "2012.12.01"]

1. d4 Nf6 2. c4 c5 3. Nf3 cxd4 4. Nxd4 e5 5. Nb5 d5 6. cxd5 Bc5 7. e3 O-O 8.
N5c3 e4 9. Be2 Qe7 10. O-O a6 11. a3 Bd6 12. f4 exf3 13. Bxf3 Qe5 14. g3 h5 15.
Qe2 h4 16. gxh4 Ng4 17. Bxg4 Bxg4 18. Qf2 Bh3 19. Re1 f5 20. Nd2 b5 21. Nf3 Qe7
22. Ng5 Bg4 23. h3 Bh5 24. Ne6 Nd7 25. Nf4 Ne5 26. Rf1 Nf3+ 27. Kh1 Bxf4 28.
exf4 Rac8 29. Be3 Rf6 30. Rad1 Rg6 31. d6 Qb7 32. Nd5 Rxd6 33. Ne7+ Qxe7 34.
Bc5 Rxc5 35. Qxc5 Qe4 36. Qf2 Rxd1 37. Rxd1 Ne1+ 0-1

[Event "14. Abierto de la Constitucion"]
[Site "San Sebastian delos Reyes ESP"]
[Date "2012.12.05"]
[Round "5.9"]
[White "Gonzalez Mateo, Jose Luis"]
[Black "Camarero Izquierdo, Juan C"]
[Result "0-1"]
[WhiteElo "1796"]
[BlackElo "1924"]
[PlyCount "80"]
[EventDate "2012.12.01"]
[EventType "swiss"]
[EventRounds "9"]
[EventCountry "ESP"]
[Source "lmi"]
[SourceDate "2012.12.01"]

1. d4 f5 2. Bf4 Nf6 3. e3 e6 4. Bd3 d5 5. Nd2 Bd6 6. Bg3 O-O 7. Ngf3 Ne4 8. Ne5
Bxe5 9. dxe5 c6 10. c3 Nd7 11. Nf3 Qc7 12. Bxe4 fxe4 13. Ng5 Nc5 14. Qh5 Nd3+
15. Ke2 g6 16. Qh4 Nxb2 17. Qg4 b6 18. h4 Rf5 19. h5 Qe7 20. Nxh7 Ba6+ 21. Kd2
Nc4+ 22. Kc2 Kxh7 23. hxg6+ Kg8 24. Qh3 Qg7 25. Qh7+ Qxh7 26. Rxh7 Raf8 27.
Rah1 Nxe5 28. Bxe5 Rxe5 29. Rh8+ Kg7 30. R8h7+ Kf6 31. R1h6 Rg8 32. Rf7+ Kg5
33. Rh3 Kxg6 34. Rxa7 Bd3+ 35. Kd2 Rg5 36. Rah7 Rxg2 37. R3h6+ Kf5 38. Rh5+ Kf6
39. R5h6+ Ke5 40. Re7 Rxf2+ 0-1

[Event "14. Abierto de la Constitucion"]
[Site "San Sebastian delos Reyes ESP"]
[Date "2012.12.05"]
[Round "5.10"]
[White "Zamora Beamud, Andres"]
[Black "Lopez Ziegler, Carlos"]
[Result "0-1"]
[WhiteElo "1792"]
[BlackElo "1910"]
[PlyCount "56"]
[EventDate "2012.12.01"]
[EventType "swiss"]
[EventRounds "9"]
[EventCountry "ESP"]
[Source "lmi"]
[SourceDate "2012.12.01"]

1. d4 d5 2. c4 e6 3. Nf3 Be7 4. Nc3 c6 5. e3 Nf6 6. Bd3 Nbd7 7. O-O O-O 8. Re1
dxc4 9. Bxc4 b5 10. Bd3 b4 11. Ne4 Bb7 12. Bd2 c5 13. Ng3 Rc8 14. Rc1 Qb6 15.
h3 Rfd8 16. e4 Nf8 17. e5 N6d7 18. Ng5 cxd4 19. Rxc8 Rxc8 20. Qh5 Bxg5 21. Bxg5
Qa5 22. f4 b3 23. Ra1 Qd2 24. Qe2 Rc1+ 25. Rxc1 Qxc1+ 26. Kh2 bxa2 27. Qg4 a1=Q
28. Bf1 Qd1 0-1

[Event "14. Abierto de la Constitucion"]
[Site "San Sebastian delos Reyes ESP"]
[Date "2012.12.05"]
[Round "5.12"]
[White "Herranz Sanchez, Pablo"]
[Black "Largo Barbero, Benito"]
[Result "0-1"]
[WhiteElo "1706"]
[BlackElo "1871"]
[PlyCount "92"]
[EventDate "2012.12.01"]
[EventType "swiss"]
[EventRounds "9"]
[EventCountry "ESP"]
[Source "lmi"]
[SourceDate "2012.12.01"]

1. e4 g6 2. d4 Bg7 3. c4 d6 4. Nf3 Nd7 5. Nc3 e5 6. Be3 a6 7. dxe5 Nxe5 8. Nxe5
Bxe5 9. Qc2 Ne7 10. Bd3 Nc6 11. O-O Bd7 12. f4 Bg7 13. Qf2 Nb4 14. Bb1 Qf6 15.
a3 Nc6 16. Bd3 O-O-O 17. Rab1 Qd4 18. Qe2 Qxe3+ 19. Qxe3 Bd4 20. Qxd4 Nxd4 21.
Nd5 Rde8 22. Nf6 Re6 23. Nxd7 Kxd7 24. Rfe1 Rhe8 25. Re3 f5 26. Rbe1 Nb3 27.
Kf2 Nc5 28. Bc2 Nxe4+ 29. Bxe4 Rxe4 30. Rxe4 fxe4 31. Ke3 c5 32. a4 Kc6 33. Rd1
Re7 34. Rd5 b5 35. axb5+ axb5 36. b3 bxc4 37. bxc4 Ra7 38. Kxe4 Ra2 39. Rg5 Ra3
40. Rg3 Ra4 41. Kd3 Kd7 42. Rh3 Ra3+ 43. Ke4 Rxh3 44. gxh3 Ke6 45. h4 h6 46. h3
h5 0-1

[Event "14. Abierto de la Constitucion"]
[Site "San Sebastian delos Reyes ESP"]
[Date "2012.12.05"]
[Round "5.13"]
[White "San Felipe Gonzalez, Tomas"]
[Black "Minguela Muñoz, Bienvenido"]
[Result "1-0"]
[WhiteElo "1646"]
[BlackElo "1898"]
[PlyCount "117"]
[EventDate "2012.12.01"]
[EventType "swiss"]
[EventRounds "9"]
[EventCountry "ESP"]
[Source "lmi"]
[SourceDate "2012.12.01"]

1. d4 Nf6 2. c4 g6 3. Nc3 Bg7 4. e4 d6 5. f3 Nbd7 6. Be3 e5 7. Bd3 O-O 8. Nge2
c6 9. Qd2 Re8 10. O-O Nh5 11. Bg5 Qb6 12. Na4 Qc7 13. d5 c5 14. Nac3 a6 15.
Rab1 b5 16. cxb5 c4 17. Bc2 axb5 18. a3 Rb8 19. Na2 Nc5 20. Nb4 Bd7 21. Be3 f5
22. Kh1 f4 23. Bxc5 Qxc5 24. Na6 Qb6 25. Nxb8 Rxb8 26. b3 cxb3 27. Rxb3 Qd8 28.
Rfb1 Bh6 29. a4 Qh4 30. Kg1 Ng3 31. Qe1 Nxe2+ 32. Qxe2 g5 33. Qf2 Qh5 34. Qa7
Qe8 35. axb5 g4 36. b6 gxf3 37. Rxf3 Bg4 38. Ra3 f3 39. gxf3 Bh3 40. Kf2 Rc8
41. Bd3 Qg6 42. Bf1 Rc2+ 43. Ke1 Bxf1 44. Qb8+ Bf8 45. Ra8 Re2+ 46. Kd1 Rd2+
47. Kxd2 Qg5+ 48. Kc2 Qg2+ 49. Kc1 Qg5+ 50. Kb2 Qd2+ 51. Ka1 Qc3+ 52. Rb2 Qc1+
53. Rb1 Qc3+ 54. Rb2 Qc1+ 55. Ka2 Bc4+ 56. Ka3 Qa1+ 57. Kb4 Qxb2+ 58. Kxc4 Qc2+
59. Kb5 1-0